[Event "Verbandsliga Nordbaden 1516"]
[Site "Baden"]
[Date "2016.03.06"]
[Round "7.8"]
[White "Bayer, Wolfgang"]
[Black "Horata, Hakan"]
[Result "1-0"]
[WhiteElo "2041"]
[BlackElo "1922"]
[PlyCount "61"]
[EventDate "2015.09.27"]
[EventType "team-tourn"]
[EventRounds "9"]
[EventCountry "GER"]
[SourceTitle "EXT 2022"]
[Source "ChessBase"]
[SourceDate "2021.10.06"]
[SourceVersion "1"]
[SourceVersionDate "2021.10.06"]
[SourceQuality "1"]
[WhiteTeam "Lindenhof"]
[BlackTeam "Viernheim II"]
[WhiteTeamCountry "GER"]
[BlackTeamCountry "GER"]

1. c4 Nf6 2. Nc3 d6 3. g3 e5 4. Bg2 Nc6 5. e4 g6 6. Nge2 Bg7 7. 0-0 0-0 8. d3 Nh5 9. Be3 f5 10. Qd2 Rf7 11. exf5 gxf5 12. Bd5 Qf8 13. Bxf7+ Qxf7 14. f4 Be6 15. Rac1 Kh8 16. b3 Nd4 17. Nb5 Nxe2+ 18. Qxe2 a6 19. Nxc7 Nxg3 20. hxg3 Qxc7 21. Qf3 Rg8 22. Kf2 exf4 23. gxf4 Bd7 24. Rg1 Bc6 25. Qh5 Qe7 26. Rce1 Qf6 27. Re2 Re8 28. Rge1 Re6 29. d4 Be4 30. d5 Qf8 31. dxe6 1-0

[Event "Baden-ch Seniors"]
[Site "Emmendingen"]
[Date "2012.06.08"]
[Round "7"]
[White "Bayer, Wolfgang"]
[Black "Illner, Erwin"]
[Result "1/2-1/2"]
[WhiteElo "2081"]
[BlackElo "2006"]
[PlyCount "102"]
[EventDate "2012.06.02"]
[EventType "swiss"]
[EventRounds "9"]
[EventCountry "GER"]
[SourceTitle "CBM 148 Extra"]
[Source "ChessBase"]
[SourceDate "2012.06.22"]
[SourceVersion "1"]
[SourceVersionDate "2012.06.22"]
[SourceQuality "1"]

1. c4 Nf6 2. g3 c5 3. Bg2 d5 4. cxd5 Nxd5 5. Nc3 Nb6 6. Nf3 Nc6 7. d3 e5 8. Be3 Be7 9. 0-0 Be6 10. Rc1 f6 11. Ne4 Nd7 12. Nxc5 Nxc5 13. Bxc5 Bxc5 14. Rxc5 Qb6 15. Qc1 Bxa2 16. Qc3 Be6 17. d4 Nxd4 18. Nxd4 exd4 19. Qxd4 0-0 20. Rfc1 Rfd8 21. Qe3 Rd6 22. h4 Rad8 23. Bf3 Rd1+ 24. Rxd1 Rxd1+ 25. Kg2 Rd6 26. Qc3 Bd7 27. b4 Bc6 28. e4 a6 29. h5 h6 30. Qc4+ Kh8 31. Qf7 Qd8 32. e5 Bxf3+ 33. Kxf3 fxe5 34. Kg2 Rf6 35. Qxb7 Qd4 36. Rc2 Kh7 37. Re2 Rd6 38. Qf3 Qd5 39. Qxd5 Rxd5 40. Ra2 Rd4 41. Rxa6 Rxb4 42. Kf3 Rb3+ 43. Ke4 Rb4+ 44. Kf5 Rb2 45. f3 Rb3 46. Kg4 Rb4+ 47. Kf5 Rb3 48. Ke4 Rb4+ 49. Kxe5 Rb5+ 50. Kf4 Rxh5 51. g4 Rb5 1/2-1/2

[Event "EU-ch Seniors 11th"]
[Site "Courmayeur"]
[Date "2011.04.13"]
[Round "8"]
[White "Iudicello, Giovanni"]
[Black "Bayer, Wolfgang"]
[Result "1/2-1/2"]
[WhiteElo "2180"]
[BlackElo "2073"]
[PlyCount "92"]
[EventDate "2011.04.06"]
[EventType "swiss"]
[EventRounds "9"]
[EventCountry "ITA"]
[SourceTitle "CBM 141 Extra"]
[Source "ChessBase"]
[SourceDate "2011.05.03"]
[SourceVersion "1"]
[SourceVersionDate "2011.05.03"]
[SourceQuality "1"]

1. e4 c5 2. Nf3 Nc6 3. d4 cxd4 4. Nxd4 g6 5. Nc3 Bg7 6. Be3 Nf6 7. Bc4 0-0 8. Bb3 Qa5 9. 0-0 a6 10. h3 d6 11. f4 Bd7 12. Nf3 Qd8 13. Rf2 Na5 14. e5 Ne8 15. Nd5 Nxb3 16. Bb6 Qb8 17. Nxe7+ Kh8 18. cxb3 Bc6 19. Nxc6 bxc6 20. Bd4 d5 21. Rc1 Qb7 22. Rfc2 Rc8 23. Rc3 Nc7 24. Rxc6 Ne6 25. Rxc8 Rxc8 26. Rxc8+ Qxc8 27. Be3 Qb7 28. Qc2 Bh6 29. Qd2 Bf8 30. Nd4 Nc5 31. Qc2 Ne4 32. a3 Bc5 33. b4 Bb6 34. Qd3 Qa7 35. Nc2 h5 36. Kh2 h4 37. Bxb6 Qxb6 38. Qxd5 Ng3 39. Qc5 Qb7 40. Qc4 Kg7 41. Ne1 Qd7 42. Qd3 Qa7 43. Qf3 Qd4 44. e6 fxe6 45. Qc3 Nf1+ 46. Kh1 Ng3+ 1/2-1/2

[Event "EU-ch Seniors 11th"]
[Site "Courmayeur"]
[Date "2011.04.08"]
[Round "3"]
[White "Bayer, Wolfgang"]
[Black "Smits, Oswald"]
[Result "1-0"]
[WhiteElo "2073"]
[BlackElo "1870"]
[PlyCount "65"]
[EventDate "2011.04.06"]
[EventType "swiss"]
[EventRounds "9"]
[EventCountry "ITA"]
[SourceTitle "CBM 141 Extra"]
[Source "ChessBase"]
[SourceDate "2011.05.03"]
[SourceVersion "1"]
[SourceVersionDate "2011.05.03"]
[SourceQuality "1"]

1. c4 Nf6 2. Nc3 e6 3. e4 Nc6 4. d4 d6 5. f4 h6 6. Nf3 b6 7. Bd3 Nd7 8. a3 Bb7 9. Be3 Ne7 10. 0-0 Ng8 11. Rc1 a6 12. Qe1 g6 13. e5 Bg7 14. Rd1 c6 15. d5 Nf8 16. Qg3 exd5 17. cxd5 c5 18. e6 f5 19. h4 Nf6 20. Bc2 b5 21. Rfe1 Ng4 22. h5 gxh5 23. Bxf5 Rg8 24. Qh3 Nf6 25. Ne4 Qc7 26. Nxf6+ Bxf6 27. Qxh5+ Kd8 28. e7+ Bxe7 29. Bf2 Rg7 30. Bh4 Bc8 31. Rxe7 Rxe7 32. Qf7 Ne6 33. dxe6 1-0

[Event "EU-ch Seniors rap 11th"]
[Site "Ravenna"]
[Date "2011.04.04"]
[Round "1"]
[White "Okhotnik, Vladimir"]
[Black "Bayer, Wolfgang"]
[Result "0-1"]
[WhiteElo "2458"]
[BlackElo "2073"]
[PlyCount "100"]
[EventDate "2011.04.04"]
[EventType "swiss (rapid)"]
[EventRounds "9"]
[EventCountry "ITA"]
[SourceTitle "CBM 141 Extra"]
[Source "ChessBase"]
[SourceDate "2011.05.03"]
[SourceVersion "1"]
[SourceVersionDate "2011.05.03"]
[SourceQuality "1"]

1. e4 c5 2. Nf3 Nc6 3. Bb5 Nd4 4. a4 g6 5. c3 Nxf3+ 6. Qxf3 Bg7 7. 0-0 e6 8. d4 cxd4 9. cxd4 Bxd4 10. Nc3 a6 11. Bc4 Qf6 12. Qg3 Ne7 13. Bg5 Qe5 14. Qh4 f6 15. Bf4 Qc5 16. Ba2 g5 17. Qh5+ Ng6 18. Bg3 0-0 19. Rac1 Qb6 20. Rfd1 Qxb2 21. Ne2 Bxf2+ 22. Bxf2 Qxa2 23. Bc5 Rf7 24. Nd4 Qxa4 25. Nxe6 dxe6 26. Rd8+ Kg7 27. h4 Qxe4 28. hxg5 fxg5 29. Qxg5 Rf5 30. Qg3 b6 31. Qc7+ Rf7 32. Qxb6 Bb7 33. Qb2+ e5 34. Rd2 Nf4 35. Bd6 Re8 36. Qb3 Re6 37. Qc3 Rxd6 38. Rf2 Rg6 39. Rcc2 Bd5 40. Kh2 Rh6+ 41. Kg1 Nh3+ 42. Kf1 Nxf2 43. Qg3+ Ng4+ 44. Kg1 Qe3+ 45. Qxe3 Nxe3 46. Rc1 Rg6 47. g3 Rxg3+ 48. Kh2 Rg2+ 49. Kh3 Rf3+ 50. Kh4 Nf5+ 0-1

[Event "Baden-ch Seniors"]
[Site "Haslach im Kinzigtal"]
[Date "2010.05.29"]
[Round "1"]
[White "Papa, Heiner"]
[Black "Bayer, Wolfgang"]
[Result "0-1"]
[WhiteElo "1872"]
[BlackElo "2082"]
[PlyCount "55"]
[EventDate "2010.05.29"]
[EventType "swiss"]
[EventRounds "9"]
[EventCountry "GER"]
[SourceTitle "EXT 2011"]
[Source "ChessBase"]
[SourceDate "2010.11.26"]
[SourceVersion "1"]
[SourceVersionDate "2010.11.26"]
[SourceQuality "1"]

1. e4 c5 2. Nf3 g6 3. d4 cxd4 4. Nxd4 Bg7 5. Bc4 Nc6 6. Be3 Nf6 7. Nc3 0-0 8. 0-0 Ng4 9. Nxc6 dxc6 10. Bg5 Qc7 11. g3 Ne5 12. Bf4 Bh3 13. Re1 Qb6 14. Bxe5 Bxe5 15. Bb3 h5 16. Qd2 Kg7 17. Qg5 f6 18. Qe3 Bd4 19. Qf3 a5 20. Na4 Qc7 21. c3 Ba7 22. c4 Bd4 23. c5 Rad8 24. Rac1 e5 25. Bd1 f5 26. Kh1 fxe4 27. Qxe4 Rxf2 28. Re3 0-1

[Event "GER-ch Seniors 21st"]
[Site "Dresden"]
[Date "2009.08.09"]
[Round "8"]
[White "Bayer, Wolfgang"]
[Black "Nosek, Reinhard"]
[Result "1-0"]
[WhiteElo "2069"]
[BlackElo "1926"]
[PlyCount "92"]
[EventDate "2009.08.03"]
[EventType "swiss"]
[EventRounds "9"]
[EventCountry "GER"]
[SourceTitle "CBM 131 Extra"]
[Source "ChessBase"]
[SourceDate "2009.09.03"]
[SourceVersion "2"]
[SourceVersionDate "2009.09.16"]
[SourceQuality "1"]

1. c4 Nf6 2. g3 e5 3. Bg2 Bc5 4. Nc3 0-0 5. e4 Nc6 6. Nge2 a5 7. 0-0 d6 8. d3 h6 9. h3 Nh7 10. Kh2 f5 11. f4 g5 12. exf5 gxf4 13. Ne4 Ba7 14. gxf4 Bxf5 15. N2g3 Qh4 16. Nxf5 Rxf5 17. Qg4+ Qxg4 18. hxg4 Rf7 19. f5 Kg7 20. Rf3 Nd4 21. Rh3 Kf8 22. Bxh6+ Ke7 23. Rf1 Rg8 24. Rh4 c6 25. Kh3 a4 26. Nc3 Nc2 27. Be4 Bd4 28. Rh5 a3 29. g5 Nxg5+ 30. Bxg5+ Rxg5 31. Rxg5 axb2 32. Nb1 Rh7+ 33. Kg3 Kf7 34. f6 Rh8 35. Rg7+ Kf8 36. Rxb7 Rg8+ 37. Rg7 Rh8 38. Rh1 Rxh1 39. Bxh1 Ne3 40. Be4 d5 41. Bg6 e4 42. Rc7 Nf1+ 43. Kh3 Bxf6 44. Rf7+ Kg8 45. Rxf6 Ne3 46. Rxc6 Nxc4 1-0

[Event "GER-ch Seniors 21st"]
[Site "Dresden"]
[Date "2009.08.05"]
[Round "4"]
[White "Bayer, Wolfgang"]
[Black "Mueller, Klaus2222"]
[Result "1/2-1/2"]
[WhiteElo "2069"]
[BlackElo "2025"]
[PlyCount "78"]
[EventDate "2009.08.03"]
[EventType "swiss"]
[EventRounds "9"]
[EventCountry "GER"]
[SourceTitle "CBM 131 Extra"]
[Source "ChessBase"]
[SourceDate "2009.09.03"]
[SourceVersion "2"]
[SourceVersionDate "2009.09.16"]
[SourceQuality "1"]

1. c4 c6 2. Nf3 d5 3. b3 Nf6 4. Bb2 e6 5. g3 Nbd7 6. Bg2 Be7 7. 0-0 0-0 8. d4 b6 9. Nbd2 Bb7 10. Rc1 Rc8 11. e3 Re8 12. Qe2 c5 13. Rfd1 Bd6 14. Ne5 Qe7 15. Nxd7 Nxd7 16. cxd5 exd5 17. Nf3 Nf6 18. Bh3 Rcd8 19. Nh4 g6 20. Nf3 Ne4 21. Ba1 c4 22. bxc4 dxc4 23. Bg2 Bd5 24. Nd2 b5 25. Nxe4 Bxe4 26. Bxe4 Qxe4 27. a4 a6 28. Re1 Bb4 29. f3 Qd3 30. Rcd1 Qxe2 31. Rxe2 bxa4 32. Kf2 c3 33. Rc2 Rc8 34. Ke2 Rc4 35. Kd3 Rec8 36. Rdc1 Ba3 37. Rb1 Bb4 38. Rbc1 Ba3 39. Rb1 Bb4 1/2-1/2

[Event "Baden-ch Seniors"]
[Site "Badenweiler"]
[Date "2009.06.01"]
[Round "1"]
[White "Bayer, Wolfgang"]
[Black "Miler, Adolf"]
[Result "1-0"]
[WhiteElo "2048"]
[BlackElo "1749"]
[PlyCount "85"]
[EventDate "2009.06.01"]
[EventType "swiss"]
[EventRounds "9"]
[EventCountry "GER"]
[SourceTitle "EXT 2010"]
[Source "ChessBase"]
[SourceDate "2010.11.25"]
[SourceVersion "1"]
[SourceVersionDate "2010.11.25"]
[SourceQuality "1"]

1. c4 Nf6 2. Nc3 g6 3. g3 Bg7 4. Bg2 d6 5. b4 0-0 6. Rb1 Nbd7 7. Nf3 e5 8. 0-0 a6 9. d4 exd4 10. Nxd4 Ne5 11. c5 dxc5 12. bxc5 c6 13. Bf4 Nh5 14. Ne4 Nxf4 15. gxf4 Nc4 16. Rb4 f5 17. Ng5 Qxd4 18. Qxd4 Bxd4 19. Rxc4 Bf6 20. Rb1 Re8 21. e3 Re7 22. a3 a5 23. a4 h6 24. Nf3 Be6 25. Rc2 Bd5 26. Ne5 Bxg2 27. Kxg2 Bxe5 28. fxe5 Rd8 29. f4 Kf7 30. Kf3 Ke6 31. h4 Rdd7 32. Rg1 Rg7 33. Rcg2 Kf7 34. h5 g5 35. fxg5 Ke6 36. Kf4 hxg5+ 37. Rxg5 Rh7 38. Rg6+ Kd5 39. Rd6+ Rxd6 40. cxd6 Rxh5 41. d7 Rh8 42. d8Q+ Rxd8 43. Rd1+ 1-0

[Event "Verbandsliga Nord Baden 0708"]
[Site "Germany"]
[Date "2007.10.28"]
[Round "2.6"]
[White "Landenberger, Martin"]
[Black "Bayer, Wolfgang"]
[Result "1-0"]
[WhiteElo "2151"]
[BlackElo "2041"]
[PlyCount "109"]
[EventDate "2007.10.14"]
[EventType "team"]
[EventRounds "9"]
[EventCountry "GER"]
[SourceTitle "EXT 2009"]
[Source "ChessBase"]
[SourceDate "2008.11.26"]
[SourceVersion "1"]
[SourceVersionDate "2008.11.26"]
[SourceQuality "1"]
[WhiteTeam "Ladenburg II"]
[BlackTeam "Lindenhof"]
[WhiteTeamCountry "GER"]
[BlackTeamCountry "GER"]

1. d4 Nf6 2. Bg5 Ne4 3. Bf4 d5 4. Nd2 Bf5 5. Ngf3 e6 6. e3 Be7 7. Nxe4 Bxe4 8. Nd2 Bg6 9. Be2 Nd7 10. 0-0 0-0 11. c4 c6 12. Rc1 Rc8 13. Qa4 a6 14. cxd5 exd5 15. Qb3 Qb6 16. Rfd1 a5 17. Bg4 f5 18. Bf3 Qxb3 19. Nxb3 a4 20. Na5 Be8 21. Bxd5+ Kh8 22. Nxb7 Bh5 23. Bf3 Bxf3 24. gxf3 Rf6 25. Kf1 h6 26. Na5 Bd6 27. Bxd6 Rxd6 28. Nc4 Rf6 29. Rc3 Ra8 30. Rdc1 c5 31. dxc5 Nxc5 32. Ne5 Na6 33. Rc4 Re6 34. f4 Rb8 35. Rc8+ Kh7 36. Rxb8 Nxb8 37. Rc4 Rb6 38. Rxa4 Rxb2 39. Ra7 Rb6 40. a4 Na6 41. h4 Nc5 42. Nd7 Rb1+ 43. Kg2 Ne4 44. Nf8+ Kh8 45. Ng6+ Kh7 46. Ne7 Nd6 47. h5 Rb8 48. Rd7 Ne8 49. Nxf5 Ra8 50. Rd4 Nf6 51. Ng3 g6 52. hxg6+ Kxg6 53. f5+ Kg5 54. Kh3 Ng8 55. Rd6 1-0

[Event "Baden-ch Seniors"]
[Site "Oberwinden"]
[Date "2007.04.10"]
[Round "5"]
[White "Kaufmann, Helmut"]
[Black "Bayer, Wolfgang"]
[Result "0-1"]
[WhiteElo "2079"]
[BlackElo "2045"]
[PlyCount "136"]
[EventDate "2007.04.06"]
[EventType "swiss"]
[EventRounds "9"]
[EventCountry "GER"]
[SourceTitle "CBM 117 Extra"]
[Source "ChessBase"]
[SourceDate "2007.05.09"]
[SourceVersion "1"]
[SourceVersionDate "2007.05.09"]
[SourceQuality "1"]

1. d4 Nf6 2. Nf3 g6 3. Nbd2 Bg7 4. e4 d6 5. Bc4 0-0 6. 0-0 c6 7. Re1 b5 8. Bb3 d5 9. c3 Nbd7 10. exd5 cxd5 11. Qe2 Qb6 12. a4 bxa4 13. Bxa4 e6 14. Bc2 a5 15. Bd3 Ba6 16. Nb1 Rfc8 17. Na3 Bxd3 18. Qxd3 a4 19. Re2 Qc7 20. g3 Nb6 21. Bf4 Qd8 22. Ne5 Nfd7 23. Ng4 Qf8 24. Kg2 h5 25. Ne5 Nxe5 26. Bxe5 Bxe5 27. Rxe5 Kg7 28. h3 Nc4 29. Re2 Rab8 30. Nxc4 Rxc4 31. Ra2 Qd6 32. Qc2 Qc6 33. Qd2 Qd6 34. Re1 Rb3 35. Rea1 Qb8 36. Rc1 Qb5 37. Rc2 Qc6 38. Qe3 Rb7 39. f4 Rcb4 40. Re2 R4b6 41. Qd3 Rb3 42. Rd2 a3 43. Rxa3 Rxb2 44. Kf3 Rxd2 45. Qxd2 Qc4 46. Qe2 Qxe2+ 47. Kxe2 Rb2+ 48. Kf3 h4 49. gxh4 Rh2 50. Kg4 Rg2+ 51. Kf3 Rd2 52. h5 gxh5 53. Kg3 Rd3+ 54. Kg2 Kg6 55. h4 Kf5 56. Ra7 f6 57. Rh7 Kxf4 58. Rxh5 Rxc3 59. Rh8 Rc2+ 60. Kh3 Rc3+ 61. Kg2 e5 62. dxe5 fxe5 63. h5 Ke4 64. h6 Rc6 65. Kf2 d4 66. h7 Rh6 67. Kg3 d3 68. Kf2 Rh5 0-1

[Event "Verbandsliga Nord Baden 0607"]
[Site "Germany"]
[Date "2007.02.11"]
[Round "6.5"]
[White "Springmann, Martin"]
[Black "Bayer, Wolfgang"]
[Result "1-0"]
[WhiteElo "2249"]
[BlackElo "2103"]
[PlyCount "79"]
[EventDate "2006.10.22"]
[EventType "team"]
[EventRounds "9"]
[EventCountry "GER"]
[SourceTitle "EXT 2008"]
[Source "ChessBase"]
[SourceDate "2007.11.25"]
[SourceVersion "1"]
[SourceVersionDate "2007.11.25"]
[SourceQuality "1"]
[WhiteTeam "Slavija KA"]
[BlackTeam "Lindenhof"]
[WhiteTeamCountry "GER"]
[BlackTeamCountry "GER"]

1. e4 c5 2. Nc3 Nc6 3. g3 g6 4. d3 Bg7 5. Bg2 e6 6. Be3 b6 7. Nge2 Nge7 8. Qd2 0-0 9. Bh6 d5 10. Bxg7 Kxg7 11. exd5 exd5 12. d4 Be6 13. Rd1 cxd4 14. Nxd4 Rc8 15. 0-0 Nxd4 16. Qxd4+ Kg8 17. Rd2 Rc4 18. Qf6 d4 19. Nb5 Nf5 20. Qxd8 Rxd8 21. b3 Rc5 22. Nxa7 Bd5 23. Bxd5 Rdxd5 24. a4 d3 25. c4 Nd4 26. Rfd1 Nf3+ 27. Kg2 Nxd2 28. cxd5 Nxb3 29. Rxd3 Ra5 30. Nc6 Nc5 31. Nxa5 Nxd3 32. Nc4 Kf8 33. d6 f6 34. Nxb6 Nc5 35. Kf3 Nb7 36. Nc4 Ke8 37. a5 Nc5 38. Ke3 Kd8 39. Kd4 Kd7 40. Kxc5 1-0

[Event "Verbandsliga Nord Baden 0607"]
[Site "Germany"]
[Date "2006.12.17"]
[Round "4.4"]
[White "Bayer, Wolfgang"]
[Black "Rosner, Jonas"]
[Result "0-1"]
[WhiteElo "2103"]
[BlackElo "2085"]
[PlyCount "66"]
[EventDate "2006.10.22"]
[EventType "team"]
[EventRounds "9"]
[EventCountry "GER"]
[SourceTitle "EXT 2008"]
[Source "ChessBase"]
[SourceDate "2007.11.25"]
[SourceVersion "1"]
[SourceVersionDate "2007.11.25"]
[SourceQuality "1"]
[WhiteTeam "Lindenhof"]
[BlackTeam "Ettlingen"]
[WhiteTeamCountry "GER"]
[BlackTeamCountry "GER"]

1. c4 d6 2. g3 e5 3. Bg2 Nc6 4. e4 Nd4 5. d3 Ne7 6. Nc3 Be6 7. f4 g6 8. Nf3 Nec6 9. 0-0 Bg7 10. Rb1 0-0 11. Be3 Bg4 12. Qd2 exf4 13. Bxf4 Qd7 14. Bh6 Bxh6 15. Qxh6 Nxf3+ 16. Bxf3 Bxf3 17. Nd5 f5 18. Rxf3 Ne5 19. Rff1 c6 20. Ne3 fxe4 21. dxe4 Rae8 22. Rxf8+ Rxf8 23. Rd1 Nf3+ 24. Kg2 Qe7 25. c5 Qxe4 26. Kh3 d5 27. Rf1 d4 28. Ng4 Rf5 29. b4 Kh8 30. Nf2 Qd5 31. g4 Ng5+ 32. Kh4 Qg2 33. Ne4 Qh3# 0-1

[Event "Verbandsliga Nord Baden 0607"]
[Site "Germany"]
[Date "2006.11.26"]
[Round "3.4"]
[White "Bayer, Wolfgang"]
[Black "Kuci, Blerim"]
[Result "1/2-1/2"]
[WhiteElo "2103"]
[BlackElo "2180"]
[PlyCount "102"]
[EventDate "2006.10.22"]
[EventType "team"]
[EventRounds "9"]
[EventCountry "GER"]
[SourceTitle "EXT 2008"]
[Source "ChessBase"]
[SourceDate "2007.11.25"]
[SourceVersion "1"]
[SourceVersionDate "2007.11.25"]
[SourceQuality "1"]
[WhiteTeam "Lindenhof"]
[BlackTeam "Hockenheim"]
[WhiteTeamCountry "GER"]
[BlackTeamCountry "GER"]

1. c4 e5 2. Nc3 Nf6 3. g3 d6 4. Bg2 g6 5. e3 Bg7 6. Nge2 0-0 7. 0-0 Nh5 8. d4 Nd7 9. b4 f5 10. Rb1 e4 11. g4 fxg4 12. Nxe4 Ndf6 13. N4g3 Nxg3 14. Nxg3 c6 15. e4 Qc7 16. Qb3 Kh8 17. Rd1 Qf7 18. c5 d5 19. e5 Nh5 20. Rb2 Nf4 21. Bxf4 Qxf4 22. Qe3 Qf7 23. b5 h5 24. a4 Kh7 25. Rd3 Bh6 26. Qe2 Qf4 27. Qe3 Qf7 28. Qe2 h4 29. Nf1 Qf4 30. Ne3 Rf7 31. bxc6 bxc6 32. Nxd5 cxd5 33. Bxd5 Ba6 34. Rb5 Bxb5 35. axb5 Raf8 36. Bxf7 Rxf7 37. c6 g3 38. fxg3 hxg3 39. hxg3 Qc1+ 40. Kg2 Qc4 41. d5 Qxb5 42. e6 Rf8 43. e7 Re8 44. Qe4 Bg5 45. d6 Qb2+ 46. Kh3 Qf6 47. c7 a5 48. c8Q Rxc8 49. d7 Rc4 50. Qxc4 Qf1+ 51. Kh2 Qf2+ 1/2-1/2